|
|
|
|
| LEADER |
00909nam a2200265 a 4500 |
| 001 |
c000143298 |
| 003 |
CARM |
| 005 |
19960109000000.0 |
| 008 |
801027c19811979nyu 000 1 eng |
| 010 |
|
|
|a 79006660 //r95
|
| 019 |
1 |
|
|a 1817647
|5 LACONCORD2021
|
| 020 |
|
|
|a 0385136048 :
|c $12.95
|
| 035 |
|
|
|a (OCoLC)6861980
|5 LACONCORD2021
|
| 040 |
|
|
|a LC
|b eng
|c LC
|d LC
|
| 050 |
|
0 |
|a PR9405.9.S5
|b D4 1981
|
| 082 |
0 |
0 |
|a 823
|2 19
|
| 100 |
1 |
|
|a Smith, Wilbur A.
|
| 245 |
1 |
4 |
|a The delta decision /
|c Wilbur Smith.
|
| 260 |
|
|
|a Garden City, N.Y. :
|b Doubleday,
|c 1981, c1979.
|
| 300 |
|
|
|a 393 p. ;
|c 22 cm.
|
| 650 |
|
0 |
|a Terrorists
|x Fiction.
|
| 655 |
|
7 |
|a Adventure stories.
|2 lcsh
|
| 852 |
8 |
|
|b CARM
|h A2:AG14A0
|i B03350
|p 0160237
|f BK
|
| 999 |
f |
f |
|i 639f5a40-191e-51e5-843c-a49b551dcd30
|s edc4370b-1791-5968-9194-0b4d24b08e23
|
| 952 |
f |
f |
|p Can circulate
|a CAVAL
|b CAVAL
|c CAVAL
|d CARM 1 Store
|e B03350
|f A2:AG14A0
|h Other scheme
|i book
|m 0160237
|